International law and American treatment of alien enemy property /

Bibliographic Details
Main Author: Gathings, James Anderson, 1900-
Format: Book
Language:English
Published: Washington, D.C. : American Council on public affairs, [1940]
Subjects:

MARC

Tag First Indicator Second Indicator Subfields
LEADER 00000cam a2200000 i 4500
001 in00000061137
005 20151008051628.0
008 760102s1940 dcu b 00100 eng d
010 |a  41002003  
035 |a (OCoLC)01909807 
035 |9 AAG9061AM 
040 |a SOI  |c SOI  |d TXA  |d UtOrBLW 
049 |a TXAM  |c [222419] 
050 0 |a JX5313.U6  |b G27 
092 |a 341.3  |b G159i 
100 1 |a Gathings, James Anderson,  |d 1900- 
245 1 0 |a International law and American treatment of alien enemy property /  |c by James A. Gathings ... introduction by Prof. Edwin Borchard ... 
264 1 |a Washington, D.C. :  |b American Council on public affairs,  |c [1940] 
264 4 |c [©1940] 
300 |a xvi pages, 1 ., 143 pages ;  |c 24 cm. 
336 |a text  |b txt  |2 rdacontent 
337 |a unmediated  |b n  |2 rdamedia 
338 |a volume  |b nc  |2 rdacarrier 
500 |a "Table of cases": pages [135]-139. 
504 |a Bibliography: pages [131]-134. 
610 2 0 |a Amercian Council on Public Affairs. 
650 0 |a Enemy property. 
650 0 |a World War, 1914-1918  |x Confiscations and contributions  |z United States. 
740 0 |a American treatment of alien enemy property. 
999 |a MARS 
999 f f |s fe9be418-206a-38f2-9a6e-6af089a00cf2  |i ff00bad9-b9c6-3908-9382-8a77402c55e8  |t 0 
952 f f |p ric  |a Texas A&M University  |b Rellis Campus  |c Joint Library Facility  |d Remote Storage  |t 0  |e JX5313.U6 G27  |h Library of Congress classification  |i unmediated -- volume  |m A14800784025 
998 f f |a JX5313.U6 G27  |t 0  |l Remote Storage